000 00621nam a2200217Ia 4500
005 20260429112314.0
008 260429s9999||||xx |||||||||||||| ||und||
020 _a9789353062019
041 _aEnglish
082 _a621.381
_bMAN
100 _aMano, M. Morris
245 0 _aDigital design :
_bwith an introduction to the Verilog HDL, VHDL, and system Verilog /
_cM. Morris Mano
250 _a6th ed.
260 _aIndia :
_bPearson,
_c2018.
300 _a765 p.; pbk
650 _a Digital circuits
650 _a Digital design
650 _a Electronical engineering
650 _aEngineering
942 _cTB
999 _c53400
_d53400